| 000 | 01716cam a22003254a 4500 | ||
|---|---|---|---|
| 999 |
_c25561 _d25561 |
||
| 001 | 12504928 | ||
| 005 | 20170131161151.0 | ||
| 008 | 010816s2001 nyua c 001 0 eng | ||
| 010 | _a 2001044664 | ||
| 020 | _a1580930980 | ||
| 042 | _apcc | ||
| 043 | _an-us-al | ||
| 050 | 0 | 0 | _aN6505 .A66 2001 |
| 082 | 0 | 0 |
_a709/.73/07476184 _221 |
| 100 | 1 |
_aArmstrong, Tom, _d1932-2011. |
|
| 245 | 1 | 3 |
_aAn American odyssey : _bthe Warner collection of American fine and decorative arts, Gulf States Paper Corporation, Tuscaloosa, Alabama / _cTom Armstrong ; essays by Amy Coes, Ella Foshay, and Wendell Garrett ; photography by Lynn Diane DeMarco, Bonnie Morrison, and Paul Rocheleau. |
| 260 |
_aNew York : _bMonacelli Press in association with Sotheby's, _cc2001. |
||
| 300 |
_a224 p. : _bill. (chiefly col.) ; _c29 cm. |
||
| 500 | _aIncludes index. | ||
| 600 | 1 | 0 |
_aWarner, Jack _q(Jonathan) _xArt collections _vCatalogs. |
| 610 | 2 | 0 |
_aGulf States Paper Corporation (U.S.) _xArt collections _vCatalogs. |
| 650 | 0 |
_aArt, American _vCatalogs. |
|
| 650 | 0 |
_aArt _xPrivate collections _zAlabama _zTuscaloosa _vCatalogs. |
|
| 856 | 4 | 2 |
_3Contributor biographical information _uhttp://www.loc.gov/catdir/enhancements/fy0835/2001044664-b.html |
| 856 | 4 | 2 |
_3Publisher description _uhttp://www.loc.gov/catdir/enhancements/fy0835/2001044664-d.html |
| 942 |
_2lcc _cBOOKS |
||